ბათუმის შოთა რუსთაველის სახელმწიფო უნივერსიტეტის ბიბლიოთეკა

კოლექტიური შრომითი ხელშეკრულების სამართლებრივი ბუნება : დისერტაცია / (ბიბ.ჩანაწერი № 51648)

000 -ლიდერი
ფიქსირებული სიგრძის საკონტროლო ველი 01375nam a2200241Ia 4500
001 - საკონტროლო ნომერი
საკონტროლო ველი 18639
003 - საკონტროლო ნომრის იდენტიფიკატორი
საკონტროლო ველი GE_BSU
005 - ბოლო ოპერაციის თარიღი და დრო
საკონტროლო ველი 20220919171650.0
008 - ფიქსირებული სიგრძის მონაცემთა ელემენტები - ზოგადი ინფორმაცია
ფიქსირებული სიგრძის საკონტროლო ველი 181216s2013||||ge |||||||||||||| ||geo||
040 ## - კატალოგიზაციის წყარო
Transcribing agency GE_BSU
041 ## - ენის კოდი
Language code of text/sound track or separate title geo
080 ## - უნივერსალური ათობითი კლასიფიკაციის ინდექსი
Universal Decimal Classification number 349.222 ზ-53
100 ## - მთავარი ჩანაწერი - პიროვნების სახელი
Personal name ზენაიშვილი, ამირან
9 (RLIN) 9061
245 ## - ცნობა სათაურის შესახებ
Title კოლექტიური შრომითი ხელშეკრულების სამართლებრივი ბუნება : დისერტაცია /
Statement of responsibility, etc ამირან ზენაიშვილი; სამეცნიერო ხელმძღვანელი გ. ლილუაშვილი; ქართულ ამერიკული უნივერსიტეტი.
264 ## - წარმოების, გამოცემის, დისტრიბუციის და სხვა ცნობები
გამოცემის, წარმოების, დისტრიბუციის... ადგილი თბილისი,
გამოცემის, წარმოების, დისტრიბუციის... თარიღი 2013.
300 ## - ფიზიკური აღწერა
Extent 199 გვ.;
Other physical details 30 სმ.
653 ## - INDEX TERM--UNCONTROLLED
Uncontrolled term დისერტაცია
653 ## - INDEX TERM--UNCONTROLLED
Uncontrolled term კოლექტიური შრომითი ხელშეკრულების სამართლებრივი ბუნება.
653 ## - INDEX TERM--UNCONTROLLED
Uncontrolled term სამართალი
700 ## - ADDED ENTRY--PERSONAL NAME
Personal name ლილუაშვილი, გ.
Relator term სამეცნიერო ხელმძღვანელი
9 (RLIN) 11521
710 ## - ADDED ENTRY--CORPORATE NAME
Corporate name or jurisdiction name as entry element ქართულ ამერიკული უნივერსიტეტი
9 (RLIN) 11522
942 ## - ADDED ENTRY ELEMENTS (KOHA)
Koha item type წიგნი
Source of classification or shelving scheme
ეგზემპლარები
ჩამოწერის სტატუსი დაკარგული ეგზემპლარის სტატუსი კლასიფიკაციის წყარო ან თაროზე გაწყობის სქემა დაზიანების სტატუსი არ გაიცემა მუდმივი მდებარეობა (დაცვის ადგილი) ამჟამინდელი ადგილსამყოფელი შეძენის თარიღი სრული შენახვის შიფრი შტრიხკოდი ბოლო ოპერაციის თარიღი ეგზემპლარის მიმდევრობითი ნომერი (კეტერი?) ფასის ძალაში შესვლის თარიღი ეგზემპლარის სახეობა
        შიდა ფონდი ბათუმის შოთა რუსთაველის სახელმწიფო უნივერსიტეტის მთავარი ბიბლიოთეკა ბათუმის შოთა რუსთაველის სახელმწიფო უნივერსიტეტის მთავარი ბიბლიოთეკა 2018-12-17 349.222 ზ-53 166 დისერტ. 2018-12-17 166 2018-12-17 დისერტაცია